<?xml version="1.0" encoding="UTF-8"?>
<record
    xmlns:xsi="http://www.w3.org/2001/XMLSchema-instance"
    xsi:schemaLocation="http://www.loc.gov/MARC21/slim http://www.loc.gov/standards/marcxml/schema/MARC21slim.xsd"
    xmlns="http://www.loc.gov/MARC21/slim">

  <leader>00823nam a2200229 ar4500</leader>
  <controlfield tag="001">4286</controlfield>
  <controlfield tag="005">20221127090914.0</controlfield>
  <controlfield tag="008">150729s        xxua          00010 eng d</controlfield>
  <datafield tag="020" ind1=" " ind2=" ">
    <subfield code="a">9780785821359(hbk)</subfield>
  </datafield>
  <datafield tag="082" ind1="0" ind2="4">
    <subfield code="a">973.00202</subfield>
    <subfield code="b">T482 2006</subfield>
  </datafield>
  <datafield tag="245" ind1="0" ind2="0">
    <subfield code="a">Timechart history of America /</subfield>
    <subfield code="c">designed and edited by Dag Publications Ltd.</subfield>
  </datafield>
  <datafield tag="246" ind1="0" ind2=" ">
    <subfield code="a">History of America.</subfield>
  </datafield>
  <datafield tag="260" ind1=" " ind2=" ">
    <subfield code="a">Edison, NJ :</subfield>
    <subfield code="b">Chartwell,</subfield>
    <subfield code="c">2006.</subfield>
  </datafield>
  <datafield tag="300" ind1=" " ind2=" ">
    <subfield code="a">[30], 31 p. :</subfield>
    <subfield code="b">ill.(chiefly col.), maps, ports ;</subfield>
    <subfield code="c">35 cm.</subfield>
  </datafield>
  <datafield tag="500" ind1=" " ind2=" ">
    <subfield code="a">Fold-out chart(30) p. at front of book.</subfield>
  </datafield>
  <datafield tag="500" ind1=" " ind2=" ">
    <subfield code="a">Originally published: London : Worth, 2003.</subfield>
  </datafield>
  <datafield tag="504" ind1=" " ind2=" ">
    <subfield code="a">Includes bibl. references.</subfield>
  </datafield>
  <datafield tag="651" ind1=" " ind2="4">
    <subfield code="a">United Stated</subfield>
    <subfield code="x">History.</subfield>
  </datafield>
  <datafield tag="651" ind1=" " ind2="4">
    <subfield code="a">United Stated</subfield>
    <subfield code="x">History.</subfield>
    <subfield code="x">Chronology.</subfield>
  </datafield>
  <datafield tag="651" ind1=" " ind2="4">
    <subfield code="a">United Stated</subfield>
    <subfield code="x">History.</subfield>
    <subfield code="v">Pictorial works.</subfield>
  </datafield>
  <datafield tag="710" ind1="2" ind2=" ">
    <subfield code="a">Dag Publications, Ltd.</subfield>
  </datafield>
  <datafield tag="999" ind1=" " ind2=" ">
    <subfield code="c">4284</subfield>
    <subfield code="d">4284</subfield>
  </datafield>
  <datafield tag="952" ind1=" " ind2=" ">
    <subfield code="0">0</subfield>
    <subfield code="1">0</subfield>
    <subfield code="2">DDC</subfield>
    <subfield code="4">0</subfield>
    <subfield code="7">0</subfield>
    <subfield code="a">Women</subfield>
    <subfield code="b">Women</subfield>
    <subfield code="d">2022-11-27</subfield>
    <subfield code="l">0</subfield>
    <subfield code="o">973.00202 T482 2006</subfield>
    <subfield code="p">10000000013767</subfield>
    <subfield code="r">2022-11-27 00:00:00</subfield>
    <subfield code="t">C1</subfield>
    <subfield code="w">2022-11-27</subfield>
    <subfield code="y">REF</subfield>
  </datafield>
</record>
